Vibration (Record no. 142)

MARC details
000 -LEADER
Fixed length control field 00445nam a2200169 4500
003 - CONTROL NUMBER IDENTIFIER
Control field SEACOMEC
005 - DATE AND TIME OF LATEST TRANSACTION
Control field 20240416114752.0
008 - FIXED-LENGTH DATA ELEMENTS--GENERAL INFORMATION
Fixed length control field 231006b |||||||| |||| 00| 0 eng d
040 ## - CATALOGING SOURCE
Original cataloging agency SEACOMEC
082 ## - DEWEY DECIMAL CLASSIFICATION NUMBER
Classification number 530.02462
Book Number B171
100 1# - MAIN ENTRY--PERSONAL NAME
Personal name Balachandran, Bala Kumar
245 1# - TITLE STATEMENT
Title Vibration
Statement of responsibility Bala Kumar Balachandran and Edward B. Magrab
260 ## - IMPRINT
Place of publication Singapore
Name of publisher Thomson
Date of publication 2005
650 ## - SUBJECT ADDED ENTRY--TOPICAL TERM
Topical term Physics
700 1# - ADDED ENTRY--PERSONAL NAME
Personal name Magrab, Edward B.
942 ## - ADDED ENTRY ELEMENTS (KOHA)
Koha item type Books
Holdings
Withdrawn status Lost status Source of classification Damaged status Not for loan Home library Current library Date acquired Total Checkouts Call number Accession number Date last seen Price effective from Koha item type
    Dewey Decimal Classification     SEACOM ENGINEERING COLLEGE SEACOM ENGINEERING COLLEGE 16/04/2024   530.02462 B171 5110 16/04/2024 16/04/2024 Books
© Seacom Engineering College, All rights reserved.      Powered by Koha